Oasis: Champagne Supernova Lyrics - Statistics

General Stats
  • This quiz has been taken 561 times
  • The average score is 57 of 62
Answer Stats
Lyrics Missing Lyrics % Correct
Where were you while we were _______ ____? getting high
98%
Where were you while we were _______ ____? getting high
98%
Where were you while we were _______ ____? getting high
98%
Where were you while we were _______ ____? getting high
98%
Where were you while we were ______ ____? getting high
98%
Where were you while we were _______ ____? getting high
98%
We were _______ ____. getting high
98%
We were _______ ____. getting high
98%
We were _______ ____. getting high
98%
We were _______ ____. getting high
98%
We were _______ ____. getting high
98%
We were _______ ____. getting high
98%
We were _______ ____. getting high
98%
We were _______ ____. getting high
98%
We were _______ ____. getting high
98%
We were _______ ____. getting high
98%
In a _________ _________. champagne supernova
97%
In a _________ _________ in the sky. champagne supernova
97%
In a _________ _________. champagne supernova
97%
A ________ _________. champagne supernova
97%
In a _________ _________ in the sky. champagne supernova
97%
In a _________ _________. champagne supernova
97%
A ________ _________. champagne supernova
97%
Someday you will ____ __ find me
97%
Someday you will ____ __ find me
97%
Someday you will ____ __ find me
97%
Someday you will ____ __ find me
97%
Someday you will ____ __ find me
97%
Someday you will ____ __ find me
97%
faster than a __________. cannonball
96%
faster than a __________. cannonball
96%
faster than a __________. cannonball
96%
In a champagne supernova __ ___ ___. in the sky
96%
A champagne supernova __ ___ ___. in the sky
96%
caught beneath the _________. landslide
95%
caught beneath the _________. landslide
95%
caught beneath the _________. landslide
95%
caught beneath the _________. landslide
95%
caught beneath the _________. landslide
95%
caught beneath the _________. landslide
95%
Slowly walking down the ____ hall
92%
Slowly walking down the ____ hall
92%
Slowly walking down the ____ hall
92%
How many _______ ______ change? special people
90%
How many _______ ______ change? special people
90%
How many _______ ______ change? special people
90%
Wipe that ____ away now from your eye. tear
89%
___, why, why, why? Why
87%
___, why, why, why? Why
87%
How many lives are ______ _____? living strange
84%
How many lives are ______ _____? living strange
84%
How many lives are ______ _____? living strange
84%
A dreamer dreams she _____ ____. never dies
84%
The world's still spinning 'round, we don't ____ ___. know why
78%
The world's still spinning 'round, we don't ____ ___. know why
78%
But ___ ___ _, we live and die. you and I
74%
But ___ ___ _, we live and die. you and I
74%
'Cause ______ believe people
73%
'Cause ______ believe people
73%
that they're gonna ___ ____ for the summer. get away
72%
that they're gonna ___ ____ for the summer. get away
72%
Wake up the ____ and ask her why. dawn
68%
No matching quizzes found
Score Distribution
Percent of People with Each Score
Percentile by Number Answered
Your Score History
You have not taken this quiz